[Event "ODEM U14 2010"]
[Site "Oberhof GER"]
[Date "2010.05.24"]
[Round "2"]
[White "Mann, Jonas"]
[Black "Hansch, Karsten"]
[Result "1/2-1/2"]
[Termination "normal"]
[Board "1"]
[WhiteElo "1288"]
[BlackElo "1885"]
[PlyCount "71"]
[WhiteFideId "12900214"]
[BlackFideId "24692239"]
[EventCountry "GER"]
[EventRounds "7"]
[EventType "swiss"]
[EventDate "2010.05.22"]

1. Nc3 d5 2. e4 d4 3. Nce2 e5 4. Ng3 Nf6 5. Bc4 Bd7 6. d3 a5 7. a4 Bb4+ 8. Bd2
O-O 9. N1e2 Bxd2+ 10. Qxd2 Nc6 11. h3 Qe7 12. O-O Nd8 13. Bb3 Ne6 14. f4 Nc5
15. fxe5 Qxe5 16. Nf5 Nxb3 17. cxb3 Bxf5 18. Rxf5 Qd6 19. Raf1 Qb6 20. Rb5 Qa7
21. Ng3 Ne8 22. Nf5 c5 23. Qg5 b6 24. h4 f6 25. Qg4 Kh8 26. h5 Rb8 27. Rf3 Rf7
28. Qg3 Qc7 29. Qg4 Nd6 30. Nxd6 Qxd6 31. Rf5 Qc7 32. Qf3 Qb7 33. h6 Rg8 34. e5
Qxf3 35. Rxf3 Re8 36. hxg7+ 1/2-1/2

[Event "ODEM U14 2010"]
[Site "Oberhof GER"]
[Date "2010.05.24"]
[Round "2"]
[White "Hansch, Stephan"]
[Black "Bauer, Lukas"]
[Result "1/2-1/2"]
[Termination "normal"]
[Board "2"]
[WhiteElo "1832"]
[BlackElo "1272"]
[PlyCount "139"]
[BlackFideId "12907715"]
[EventCountry "GER"]
[EventRounds "7"]
[EventType "swiss"]
[EventDate "2010.05.22"]

1. d4 d5 2. Nf3 Nf6 3. e3 e6 4. Bd3 Bb4+ 5. Nbd2 Nc6 6. a3 Bd6 7. O-O O-O 8. b3
e5 9. dxe5 Nxe5 10. Be2 Bg4 11. Bb2 Ng6 12. h3 Bd7 13. c4 c6 14. cxd5 cxd5 15.
Nd4 a6 16. Bd3 Nh4 17. N2f3 Ne4 18. Bxe4 dxe4 19. Nxh4 Qxh4 20. Nf5 Bxf5 21.
Qxd6 Qg5 22. Qd5 Qg6 23. Kh1 b5 24. Rfd1 Be6 25. Qe5 Rfe8 26. Qc3 Qh6 27. Rd6
Qg5 28. Rad1 Rac8 29. Qb4 Qc5 30. Qxc5 Rxc5 31. b4 Rc2 32. Rd8 Rc8 33. Rxc8
Rxc8 34. Rd6 h6 35. Rxa6 Rc2 36. Bd4 Rxf2 37. Ra8+ Kh7 38. a4 bxa4 39. Kg1 Ra2
40. b5 Ra3 41. b6 Rb3 42. Rxa4 Kg6 43. Ra7 Bd5 44. Rd7 Ba8 45. Kf2 Rb5 46. g4
f6 47. h4 h5 48. gxh5+ Rxh5 49. b7 Bxb7 50. Rxb7 Rxh4 51. Kg3 Rh5 52. Re7 Kf5
53. Rxg7 Rh1 54. Ra7 Kg5 55. Ra6 Rf1 56. Re6 Rf3+ 57. Kg2 f5 58. Bg7 f4 59.
Rxe4 Rxe3 60. Ra4 Kg4 61. Bh6 Rg3+ 62. Kf2 Rf3+ 63. Ke2 Kg3 64. Ra5 Rf2+ 65.
Ke1 Rf3 66. Rg5+ Kh4 67. Ke2 Re3+ 68. Kf2 Re6 69. Rf5 Rxh6 70. Rxf4+ 1/2-1/2

[Event "ODEM U14 2010"]
[Site "Oberhof GER"]
[Date "2010.05.24"]
[Round "2"]
[White "Peters, Florian"]
[Black "Voggenreiter, Simon"]
[Result "0-1"]
[Termination "normal"]
[Board "3"]
[WhiteElo "1248"]
[BlackElo "1738"]
[PlyCount "144"]
[WhiteFideId "12952028"]
[BlackFideId "24615501"]
[EventCountry "GER"]
[EventRounds "7"]
[EventType "swiss"]
[EventDate "2010.05.22"]

1. c4 Nf6 2. Nc3 e6 3. Nf3 b6 4. g3 Bb7 5. Bg2 g6 6. O-O Bg7 7. e3 O-O 8. d4 d6
9. Bd2 Nbd7 10. Qc2 a6 11. b3 Qe7 12. Rad1 Rad8 13. Rfe1 Ba8 14. e4 Rfe8 15.
Bg5 h6 16. Be3 Qf8 17. Nd2 Ng4 18. Rf1 c5 19. d5 exd5 20. exd5 Nxe3 21. fxe3
Rxe3 22. Nce4 Qe7 23. Rfe1 Rxe1+ 24. Rxe1 Ne5 25. Nc3 Re8 26. Kh1 Qd8 27. Nde4
Bb7 28. Bh3 f5 29. Nf2 Nf3 30. Rxe8+ Qxe8 31. Qe2 Ne5 32. Nd3 Kf7 33. Qe3 Nxd3
34. Qxd3 Qe1+ 35. Kg2 Qxc3 36. Qe2 Qb2 37. Qxb2 Bxb2 38. Kf3 b5 39. Bg2 bxc4
40. bxc4 a5 41. Ke3 Kf6 42. Kd3 Ke5 43. Bf1 f4 44. gxf4+ Kxf4 45. Kc2 Be5 46.
Kb3 Ke3 47. h3 Bc8 48. Ka4 Bc3 49. Kb5 Kf2 50. Bd3 Bf5 51. Bxf5 gxf5 52. Kc6
Be5 53. Kb5 f4 54. Kxa5 f3 55. Kb6 Kg3 56. a4 f2 57. a5 f1=Q 58. a6 Qxc4 59.
Kb7 Qxd5+ 60. Kb8 c4 61. a7 c3 62. a8=Q Qxa8+ 63. Kxa8 c2 64. Kb7 c1=Q 65. Kb6
Qc4 66. h4 Kxh4 67. Kb7 Qc5 68. Kb8 Qc6 69. Ka7 Qb5 70. Ka8 d5 71. Ka7 Bd6 72.
Ka8 Qb8# 0-1

[Event "ODEM U14 2010"]
[Site "Oberhof GER"]
[Date "2010.05.24"]
[Round "2"]
[White "Tran, Khoa Anh Le"]
[Black "Martin, Raphael"]
[Result "1-0"]
[Termination "normal"]
[Board "4"]
[WhiteElo "1588"]
[BlackElo "1237"]
[PlyCount "85"]
[BlackFideId "12952036"]
[EventCountry "GER"]
[EventRounds "7"]
[EventType "swiss"]
[EventDate "2010.05.22"]

1. e4 e5 2. Nf3 Nc6 3. d4 exd4 4. Nxd4 Nxd4 5. Qxd4 d6 6. Bc4 Bd7 7. O-O Nf6 8.
e5 dxe5 9. Qxe5+ Be7 10. Re1 h6 11. Nc3 Bc6 12. Bf4 Kf8 13. Rad1 Bd6 14. Qf5
Bd7 15. Bxd6+ cxd6 16. Qf4 Rc8 17. Qxd6+ Kg8 18. Bb3 Rc6 19. Qe7 Qxe7 20. Rxe7
Be6 21. Rxb7 Bxb3 22. cxb3 a6 23. Re1 Re6 24. Rxe6 fxe6 25. Re7 Nd5 26. Rxe6
Nc7 27. Rc6 Ne8 28. Rxa6 Kf7 29. Ra8 h5 30. a4 Rh6 31. b4 Rb6 32. b5 Nd6 33. a5
Rb7 34. b6 Ke6 35. Ra7 Rb8 36. Rxg7 Nb7 37. a6 Na5 38. a7 Ra8 39. b7 Rxa7 40.
b8=Q Rxg7 41. Qb6+ Kf7 42. Qxa5 h4 43. Qh5+ 1-0

[Event "ODEM U14 2010"]
[Site "Oberhof GER"]
[Date "2010.05.24"]
[Round "2"]
[White "Henke, Georg"]
[Black "Bosse, Lea"]
[Result "1/2-1/2"]
[Termination "normal"]
[Board "7"]
[WhiteElo "1176"]
[BlackElo "1450"]
[PlyCount "32"]
[WhiteFideId "24693936"]
[BlackFideId "12900419"]
[EventCountry "GER"]
[EventRounds "7"]
[EventType "swiss"]
[EventDate "2010.05.22"]

1. e4 d5 2. exd5 Qxd5 3. Nc3 Qe5+ 4. Be2 Nf6 5. d4 Qa5 6. Nf3 Bf5 7. Qd2 e6 8.
Nb5 Qxd2+ 9. Bxd2 Bd6 10. O-O-O a6 11. Nxd6+ cxd6 12. Bf4 Ne4 13. Rhf1 Nd7 14.
Bd3 Ndf6 15. h3 h5 16. Ng5 Ke7 1/2-1/2

[Event "ODEM U14 2010"]
[Site "Oberhof GER"]
[Date "2010.05.24"]
[Round "2"]
[White "Halas, Lena"]
[Black "Mikeler, Marcel"]
[Result "1/2-1/2"]
[Termination "normal"]
[Board "8"]
[WhiteElo "1434"]
[BlackElo "1180"]
[PlyCount "68"]
[WhiteFideId "12931799"]
[BlackFideId "12927856"]
[EventCountry "GER"]
[EventRounds "7"]
[EventType "swiss"]
[EventDate "2010.05.22"]

1. e4 e5 2. Nf3 Nc6 3. d4 exd4 4. Nxd4 Bc5 5. Be3 Bb6 6. Bc4 Nf6 7. Nc3 O-O 8.
Nxc6 bxc6 9. Qf3 Bxe3 10. Qxe3 d6 11. O-O Be6 12. Ba6 Re8 13. Bb7 Rb8 14. Bxc6
Bd7 15. Bxd7 Qxd7 16. b3 Qc6 17. Rfe1 h6 18. Kh1 a6 19. f3 Re5 20. Qd3 Rbe8 21.
Qd2 Qc5 22. Na4 Qc6 23. c4 Nd7 24. Rad1 Nb6 25. Nxb6 Qxb6 26. Qc3 f6 27. Rd5
Qf2 28. Rxe5 Rxe5 29. Qa1 Rg5 30. Rg1 Ra5 31. a4 Qc2 32. Qe1 Rg5 33. Qb4 Rxg2
34. Rxg2 Qd1+ 1/2-1/2

[Event "ODEM U14 2010"]
[Site "Oberhof GER"]
[Date "2010.05.24"]
[Round "2"]
[White "Kempe, Markus"]
[Black "Michalowski, Melina"]
[Result "1-0"]
[Termination "normal"]
[Board "9"]
[WhiteElo "1397"]
[BlackElo "1006"]
[PlyCount "119"]
[WhiteFideId "24692638"]
[BlackFideId "12902462"]
[EventCountry "GER"]
[EventRounds "7"]
[EventType "swiss"]
[EventDate "2010.05.22"]

1. e4 c6 2. d4 d5 3. exd5 cxd5 4. Nf3 a6 5. Be2 Nc6 6. O-O Nf6 7. Bg5 Bg4 8.
Qd2 e6 9. h3 Bh5 10. Re1 Be7 11. Ne5 Nxe5 12. dxe5 Bxe2 13. Rxe2 Ne4 14. Bxe7
Qxe7 15. Qa5 O-O 16. Nd2 Nxd2 17. Rxd2 Qg5 18. Re2 f5 19. exf6 Rxf6 20. Qb6 Rg6
21. g3 Qe7 22. Rae1 e5 23. Qb3 Rd8 24. Rxe5 Qf7 25. Re7 Qf6 26. Qxb7 Rf8 27.
Qxd5+ Kh8 28. Qc5 h6 29. Re8 Rxe8 30. Rxe8+ Kh7 31. Qf8 Qxf8 32. Rxf8 Rb6 33.
b3 Rc6 34. c4 Rd6 35. Ra8 Kg6 36. c5 Rc6 37. b4 Kf6 38. Rb8 Ke7 39. Rb6 Rxb6
40. cxb6 Kd7 41. a4 Kc6 42. a5 g5 43. Kg2 h5 44. f4 gxf4 45. gxf4 h4 46. Kf3
Kb7 47. f5 Kc6 48. f6 Kd6 49. b7 Kc7 50. f7 Kxb7 51. f8=Q Kc6 52. Qc5+ Kd7 53.
Kf4 Ke6 54. Qc6+ Kf7 55. Qd6 Kg7 56. Qe6 Kh7 57. Kg5 Kh8 58. Qe7 Kg8 59. Kh6
Kh8 60. Qh7# 1-0

[Event "ODEM U14 2010"]
[Site "Oberhof GER"]
[Date "2010.05.24"]
[Round "2"]
[White "Herbrig, Marie-Helén"]
[Black "Wenninger, Patrick"]
[Result "1-0"]
[Termination "normal"]
[Board "10"]
[WhiteElo "1368"]
[BlackElo "759"]
[PlyCount "65"]
[WhiteFideId "12900427"]
[BlackFideId "12927880"]
[EventCountry "GER"]
[EventRounds "7"]
[EventType "swiss"]
[EventDate "2010.05.22"]

1. e4 e5 2. Nf3 Nc6 3. d4 exd4 4. Nxd4 Nxd4 5. Qxd4 Nf6 6. Nc3 g6 7. Bg5 Bg7 8.
e5 Qe7 9. Nd5 c5 10. Nxe7 cxd4 11. exf6 Bf8 12. Nd5 b6 13. Nc7+ Kd8 14. Nxa8
Bb7 15. Nxb6 axb6 16. f3 Bb4+ 17. Bd2 Bc5 18. Bc4 Rf8 19. O-O-O d6 20. Bh6 Rg8
21. Bxf7 Bd5 22. Bxd5 Re8 23. a3 Re5 24. Bg8 Rf5 25. f7 Rxf7 26. Bxf7 Ke7 27.
Bc4 Kf6 28. Rhe1 Kf5 29. g4+ Kf6 30. Re6+ Kf7 31. Rde1 d5 32. Bxd5 g5 33. Rc6#
1-0

[Event "ODEM U14 2010"]
[Site "Oberhof GER"]
[Date "2010.05.24"]
[Round "2"]
[White "Neumann, Tiemon"]
[Black "Bach, Marc-Andre"]
[Result "0-1"]
[Termination "normal"]
[Board "11"]
[WhiteElo "1030"]
[BlackElo "1298"]
[PlyCount "44"]
[WhiteFideId "12925462"]
[BlackFideId "1270773"]
[EventCountry "GER"]
[EventRounds "7"]
[EventType "swiss"]
[EventDate "2010.05.22"]

1. e4 d5 2. exd5 Nf6 3. Bb5+ Bd7 4. Bxd7+ Qxd7 5. Nc3 Nxd5 6. Nxd5 Qxd5 7. Nf3
Nc6 8. O-O O-O-O 9. d4 e5 10. Be3 exd4 11. Bf4 Bd6 12. Bxd6 Rxd6 13. Qd2 Rg6
14. Qe2 h5 15. Nh4 Rg4 16. g3 g5 17. Ng2 Re4 18. Qf3 h4 19. Qf6 Rg8 20. Rfe1
Re6 21. Qxf7 Rxe1+ 22. Rxe1 Qxf7 0-1

[Event "ODEM U14 2010"]
[Site "Oberhof GER"]
[Date "2010.05.24"]
[Round "2"]
[White "Schnabel, Bennett"]
[Black "Siegl, Melina"]
[Result "0-1"]
[Termination "normal"]
[Board "12"]
[WhiteElo "1043"]
[BlackElo "1404"]
[PlyCount "110"]
[WhiteFideId "12943290"]
[BlackFideId "1272126"]
[EventCountry "GER"]
[EventRounds "7"]
[EventType "swiss"]
[EventDate "2010.05.22"]

1. d4 d5 2. Bf4 Bf5 3. e3 Nf6 4. Nd2 e6 5. h3 Nbd7 6. Ngf3 c5 7. c3 a6 8. Be2
Rc8 9. O-O Be7 10. c4 Nb6 11. Qb3 Ne4 12. Rac1 Nxd2 13. Nxd2 cxd4 14. cxd5 Nxd5
15. e4 Nxf4 16. Bb5+ axb5 17. Qxb5+ Kf8 18. exf5 exf5 19. g3 Nxh3+ 20. Kg2 Ng5
21. Qxf5 Ne6 22. Nf3 g6 23. Qh3 Kg7 24. a4 Rxc1 25. Rxc1 Qd5 26. Qh1 Ng5 27.
Qe1 Qxf3+ 28. Kf1 Qh1+ 29. Ke2 Qxe1+ 30. Kxe1 Rd8 31. Rc7 Bb4+ 32. Ke2 b6 33.
Kd3 Bc5 34. f4 Ne4 35. Rc6 Nxg3 36. b4 Bxb4 37. Rxb6 Bc3 38. Rb5 Ra8 39. f5
Nxf5 40. a5 Rxa5 41. Rb7 h5 42. Rb1 h4 43. Rh1 g5 44. Rh2 g4 45. Rg2 g3 46. Ke2
Ra2+ 47. Kf1 Rxg2 48. Kxg2 d3 49. Kf1 d2 50. Ke2 g2 51. Kd3 d1=Q+ 52. Ke4 Nd6+
53. Ke3 Qd4+ 54. Kf3 g1=Q 55. Ke2 Qde3# 0-1

[Event "ODEM U14 2010"]
[Site "Oberhof GER"]
[Date "2010.05.24"]
[Round "2"]
[White "Nabinger, Annalena"]
[Black "Edel, Fenja"]
[Result "0-1"]
[Termination "normal"]
[Board "13"]
[WhiteElo "1181"]
[BlackElo "1511"]
[PlyCount "76"]
[WhiteFideId "12902225"]
[BlackFideId "24696749"]
[EventCountry "GER"]
[EventRounds "7"]
[EventType "swiss"]
[EventDate "2010.05.22"]

1. e4 e6 2. d4 d5 3. e5 c5 4. c3 Nc6 5. Nf3 Qb6 6. Bd3 Bd7 7. O-O cxd4 8. cxd4
Nxd4 9. Nxd4 Qxd4 10. Nc3 Qxe5 11. Qg4 Nf6 12. Qf4 Bd6 13. Qxe5 Bxe5 14. h3 O-O
15. Re1 Bxc3 16. bxc3 Rac8 17. Bb2 Ne8 18. Rac1 Nf6 19. c4 dxc4 20. Bxc4 b5 21.
Bd3 Nd5 22. Red1 Nb4 23. Bxh7+ Kxh7 24. Rxd7 Rxc1+ 25. Bxc1 Nxa2 26. Bd2 a6 27.
Rc7 b4 28. Rc2 b3 29. Rb2 Rb8 30. Kf1 Kg6 31. Ke2 Rb5 32. Kd3 Nb4+ 33. Bxb4
Rxb4 34. Kc3 Rb7 35. Rxb3 Rxb3+ 36. Kxb3 Kf5 37. Kc3 Ke4 38. Kd2 a5 0-1

[Event "ODEM U14 2010"]
[Site "Oberhof GER"]
[Date "2010.05.24"]
[Round "2"]
[White "Döpper, Anna Berenice"]
[Black "Wegmann, Sven"]
[Result "1-0"]
[Termination "normal"]
[Board "15"]
[WhiteElo "1001"]
[BlackElo "1354"]
[PlyCount "99"]
[WhiteFideId "1271853"]
[BlackFideId "1270756"]
[EventCountry "GER"]
[EventRounds "7"]
[EventType "swiss"]
[EventDate "2010.05.22"]

1. e4 c5 2. c3 Nf6 3. e5 Nd5 4. d4 d6 5. Nf3 g6 6. Bd3 Bg7 7. O-O cxd4 8. cxd4
O-O 9. Nc3 Nc7 10. Be3 Nc6 11. Bf4 Nxd4 12. exd6 Nxf3+ 13. Qxf3 exd6 14. Rad1
Be6 15. Qg3 Ne8 16. Bc2 f5 17. Bxd6 Nxd6 18. Rxd6 Qe7 19. Re1 f4 20. Qd3 Rad8
21. Rexe6 Qxe6 22. Rxe6 Rxd3 23. Bxd3 Rd8 24. Bc4 Kf8 25. h3 Rc8 26. Re4 Bh6
27. Be6 Rd8 28. Nd5 g5 29. h4 g4 30. Nxf4 Rd1+ 31. Kh2 Kg7 32. Bxg4 Bxf4+ 33.
Rxf4 Kg6 34. Bxd1 h6 35. Bc2+ Kg7 36. Rc4 a5 37. Rc7+ Kf6 38. Rxb7 h5 39. Rb5
a4 40. Rxh5 a3 41. Kg3 axb2 42. Kf4 Ke6 43. Rf5 Kd6 44. h5 Ke6 45. h6 Kd6 46.
h7 b1=N 47. Bxb1 Ke6 48. h8=R Kd6 49. Rh6+ Ke7 50. Ra5 1-0

[Event "ODEM U14 2010"]
[Site "Oberhof GER"]
[Date "2010.05.24"]
[Round "2"]
[White "Werner, Justus"]
[Black "Triantafillidis, Zoe"]
[Result "0-1"]
[Termination "normal"]
[Board "16"]
[WhiteElo "1299"]
[BlackElo "1044"]
[PlyCount "132"]
[WhiteFideId "12941107"]
[BlackFideId "12900150"]
[EventCountry "GER"]
[EventRounds "7"]
[EventType "swiss"]
[EventDate "2010.05.22"]

1. e4 c6 2. Nc3 d5 3. f4 dxe4 4. Nxe4 Nf6 5. Nf2 Bf5 6. Nf3 e6 7. g3 Bc5 8. Nd3
Nbd7 9. Nxc5 Nxc5 10. d3 O-O 11. Bg2 h6 12. O-O Qb6 13. Kh1 Rfe8 14. b3 Rad8
15. Bb2 Nd5 16. Qd2 f6 17. Nd4 Ne7 18. Nxf5 Nxf5 19. Rfe1 Na4 20. Ba3 Nc5 21.
Qc3 Na6 22. Qc4 Ne3 23. Qc3 Nxg2 24. Kxg2 Qd4 25. Qxd4 Rxd4 26. Bb2 Rd7 27. Re2
b6 28. Rae1 Rde7 29. a3 Kf7 30. d4 Nc7 31. Kf3 g5 32. fxg5 fxg5 33. Kg4 Kg6 34.
h4 Rf7 35. hxg5 hxg5 36. Re5 Rf5 37. Bc1 Rd8 38. c3 Rd5 39. Rxd5 exd5 40. Re5
Rxe5 41. dxe5 Ne6 42. b4 c5 43. bxc5 bxc5 44. Kf3 Kf5 45. g4+ Kxe5 46. a4 a6
47. a5 d4 48. cxd4+ Kxd4 49. Ke2 c4 50. Kd2 Nf4 51. Kc2 c3 52. Ba3 Kc4 53. Be7
Ne6 54. Bf6 Nd4+ 55. Kc1 Kd3 56. Bxg5 Nb3+ 57. Kb1 c2+ 58. Kb2 Nxa5 59. Bf4
Nc4+ 60. Kc1 a5 61. g5 a4 62. g6 a3 63. g7 a2 64. Be5 Nxe5 65. Kb2 Nc4+ 66.
Kxa2 c1=Q 0-1

[Event "ODEM U14 2010"]
[Site "Oberhof GER"]
[Date "2010.05.24"]
[Round "2"]
[White "Schramm, Moritz"]
[Black "Titgemeyer, Eva Maria"]
[Result "1-0"]
[Termination "normal"]
[Board "17"]
[WhiteElo "1173"]
[BlackElo "1039"]
[PlyCount "103"]
[WhiteFideId "12923508"]
[BlackFideId "24655350"]
[EventCountry "GER"]
[EventRounds "7"]
[EventType "swiss"]
[EventDate "2010.05.22"]

1. Nc3 Nf6 2. e4 e5 3. Nf3 Nc6 4. Bb5 a6 5. Ba4 Be7 6. Bxc6 dxc6 7. Nxe5 Qd6 8.
Nf3 Qe6 9. e5 Ng4 10. d4 O-O 11. O-O f6 12. h3 Nh6 13. Bxh6 gxh6 14. Qd3 Qf7
15. Rae1 Re8 16. Re2 Bb4 17. exf6 Rxe2 18. Qxe2 Qxf6 19. Qc4+ Be6 20. Qxb4 b6
21. Ne4 Qg6 22. Ng3 Qxc2 23. Qc3 Qxc3 24. bxc3 Bxa2 25. Ne5 c5 26. dxc5 bxc5
27. Nd7 c4 28. Ra1 Bb3 29. Nc5 Kf7 30. Rxa6 Rxa6 31. Nxa6 c6 32. Kf1 Ke6 33.
Ke2 Kd5 34. Ke3 Ke5 35. f4+ Kf6 36. Nh5+ Kg6 37. g4 Kf7 38. Ke4 Ba4 39. Nc5
Bc2+ 40. Ke5 Ke7 41. f5 Kf7 42. f6 Bg6 43. Ng7 Kf8 44. Nf5 Kf7 45. Nxh6+ Kf8
46. Ke6 Ke8 47. h4 Kf8 48. Nd7+ Ke8 49. h5 Bf7+ 50. Nxf7 h6 51. Nd6+ Kd8 52. f7
1-0

[Event "ODEM U14 2010"]
[Site "Oberhof GER"]
[Date "2010.05.24"]
[Round "2"]
[White "Eggert, Daniela"]
[Black "Thole, Ann-Christin"]
[Result "0-1"]
[Termination "normal"]
[Board "18"]
[WhiteElo "971"]
[BlackElo "1142"]
[PlyCount "52"]
[WhiteFideId "12991490"]
[BlackFideId "12907529"]
[EventCountry "GER"]
[EventRounds "7"]
[EventType "swiss"]
[EventDate "2010.05.22"]

1. e4 c5 2. Nc3 e6 3. Nf3 Nc6 4. Bb5 Nge7 5. O-O g6 6. d3 Bg7 7. Bg5 Qb6 8.
Bxc6 Nxc6 9. Qd2 Qxb2 10. Na4 Qa3 11. Nc3 Bxc3 12. Qf4 O-O 13. Rac1 d5 14. Bh6
Bg7 15. Bxg7 Kxg7 16. Ra1 Qb2 17. Ng5 Qxc2 18. Rfe1 Qxd3 19. Re3 Qd4 20. Rf1
Qf6 21. Qh4 h6 22. Rh3 Qxg5 23. Qxg5 hxg5 24. exd5 exd5 25. Rd1 Bxh3 26. gxh3
d4 0-1

[Event "ODEM U14 2010"]
[Site "Oberhof GER"]
[Date "2010.05.24"]
[Round "2"]
[White "Leyrer, Thomas"]
[Black "Holstein, David"]
[Result "0-1"]
[Termination "normal"]
[Board "19"]
[WhiteElo "1138"]
[BlackElo "997"]
[PlyCount "50"]
[WhiteFideId "12908274"]
[EventCountry "GER"]
[EventRounds "7"]
[EventType "swiss"]
[EventDate "2010.05.22"]

1. d4 d5 2. c4 e6 3. Nf3 c5 4. cxd5 exd5 5. Nc3 Nf6 6. Bg5 Nc6 7. dxc5 Be6 8.
e4 d4 9. e5 Qa5 10. Qa4 Qxc5 11. exf6 dxc3 12. Qb5 Qxb5 13. Bxb5 cxb2 14. Bxc6+
bxc6 15. Rb1 Rb8 16. O-O h6 17. Bc1 Ba3 18. fxg7 Rg8 19. Bxh6 Bxa2 20. Rfe1+
Kd7 21. Ne5+ Kc8 22. Nxc6 Rb6 23. Nxa7+ Kb7 24. Re7+ Bxe7 25. Be3 Bxb1 0-1

[Event "ODEM U14 2010"]
[Site "Oberhof GER"]
[Date "2010.05.24"]
[Round "2"]
[White "Schirra, Maurice"]
[Black "Michalowski, Sophia"]
[Result "1-0"]
[Termination "normal"]
[Board "21"]
[WhiteElo "1127"]
[BlackElo "956"]
[PlyCount "149"]
[WhiteFideId "12941115"]
[BlackFideId "12902454"]
[EventCountry "GER"]
[EventRounds "7"]
[EventType "swiss"]
[EventDate "2010.05.22"]

1. e4 d5 2. exd5 Qxd5 3. Nc3 Qa5 4. Bc4 c6 5. d3 Bf5 6. Nge2 Nd7 7. O-O e6 8.
Re1 Ngf6 9. Nd4 Bd6 10. Bd2 Bg4 11. Nce2 Qc7 12. h3 Bh5 13. Bc3 O-O 14. Qd2
Rfe8 15. a3 a6 16. b4 b5 17. Ba2 Bg6 18. Nf3 c5 19. Nh4 Bh5 20. Rab1 cxb4 21.
axb4 e5 22. Nf5 e4 23. Qg5 Bg6 24. Nxd6 Qxd6 25. Nf4 Nf8 26. Bxf6 Qxf6 27. Qxf6
gxf6 28. Nxg6 hxg6 29. dxe4 Rad8 30. Rbd1 Rxd1 31. Rxd1 Rxe4 32. Rd6 Nh7 33.
Rxa6 Rxb4 34. Ra7 Ng5 35. Rc7 Ra4 36. Bb3 Ne6 37. Rc6 Re4 38. Rb6 b4 39. f3 Nd4
40. fxe4 Ne2+ 41. Kf2 Nc3 42. Ke3 Nd1+ 43. Kd4 Nc3 44. Rxf6 Ne2+ 45. Kc4 Ng3
46. Kxb4 Nxe4 47. Bxf7+ Kg7 48. Rf4 Nd6 49. c4 Nxf7 50. Rxf7+ Kxf7 51. Kb5 Ke7
52. Kb6 Kd6 53. c5+ Kd7 54. c6+ Kc8 55. c7 Kd7 56. Kb7 Kd6 57. c8=Q Ke5 58. Qd7
Kf6 59. h4 Ke5 60. g4 Kf6 61. g5+ Ke5 62. Kc6 Kf4 63. Qd5 Kg4 64. Qe4+ Kh5 65.
Qe8 Kxh4 66. Qxg6 Kg4 67. Qf6 Kh5 68. g6 Kh6 69. g7+ Kh7 70. Kd7 Kg8 71. Ke6
Kh7 72. g8=Q+ Kxg8 73. Qe7 Kh8 74. Kf6 Kg8 75. Qg7# 1-0

[Event "ODEM U14 2010"]
[Site "Oberhof GER"]
[Date "2010.05.24"]
[Round "2"]
[White "Morio, Estelle"]
[Black "Hesse, Henrik"]
[Result "0-1"]
[Termination "normal"]
[Board "22"]
[WhiteElo "881"]
[BlackElo "1113"]
[PlyCount "80"]
[WhiteFideId "12951951"]
[BlackFideId "12952060"]
[EventCountry "GER"]
[EventRounds "7"]
[EventType "swiss"]
[EventDate "2010.05.22"]

1. e4 e5 2. Nc3 Nf6 3. g3 Nc6 4. Bg2 d6 5. h3 Be7 6. Nge2 Be6 7. d3 d5 8. Bd2
Qd7 9. O-O Bxh3 10. Kh2 Ng4+ 11. Kh1 Bc5 12. Bxh3 Nxf2+ 13. Rxf2 Qxh3+ 14. Rh2
Qg4 15. Qf1 O-O-O 16. Nxd5 h5 17. Qxf7 Rd7 18. Qf1 h4 19. Ng1 Rdd8 20. Re1 hxg3
21. Ree2 gxh2 22. Nf3 Rdf8 23. Qg2 Qxg2+ 24. Rxg2 Rxf3 25. Rxh2 Rf1+ 26. Kg2
Rxh2+ 27. Kxh2 Rf2+ 28. Kg3 Rxd2 29. Nc3 Rxc2 30. Na4 Bb4 31. a3 b5 32. axb4
bxa4 33. b5 Rxb2 34. bxc6 a3 35. Kg4 a2 36. Kf5 Rf2+ 37. Ke6 a1=Q 38. d4 Rf6+
39. Ke7 Qa3+ 40. Ke8 Qf8# 0-1

[Event "ODEM U14 2010"]
[Site "Oberhof GER"]
[Date "2010.05.24"]
[Round "2"]
[White "Dopmann, Sina"]
[Black "Scholz, Richard"]
[Result "1-0"]
[Termination "normal"]
[Board "23"]
[WhiteElo "1108"]
[BlackElo "890"]
[PlyCount "87"]
[EventCountry "GER"]
[EventRounds "7"]
[EventType "swiss"]
[EventDate "2010.05.22"]

1. Nc3 e5 2. Nf3 Nc6 3. d4 d6 4. e4 g6 5. Bb5 Nge7 6. O-O f5 7. Bg5 Bg7 8. d5
a6 9. Bxc6+ bxc6 10. dxc6 O-O 11. Nd5 Rf7 12. Nxe7+ Rxe7 13. Bxe7 Qxe7 14. Re1
f4 15. Qd3 Bg4 16. h3 Bh5 17. Qd5+ Kf8 18. g4 Bxg4 19. hxg4 Bf6 20. Kf1 Bh4 21.
Nxh4 Qxh4 22. f3 Qh1+ 23. Kf2 Qh2+ 24. Kf1 Qh1+ 25. Ke2 Qh2+ 26. Kd1 Qf2 27.
Qd3 h5 28. gxh5 gxh5 29. Qe2 Qd4+ 30. Qd2 Qxb2 31. Ke2 Qb5+ 32. Qd3 Qxc6 33.
Rh1 Qe8 34. Qd5 Qg6 35. Qxa8+ Ke7 36. Rhg1 Qf7 37. Qxa6 d5 38. Qa3+ Kd7 39.
exd5 Qxd5 40. Rad1 c6 41. Rxd5+ cxd5 42. Qa6 e4 43. Rg7+ Kd8 44. Qa8# 1-0

[Event "ODEM U14 2010"]
[Site "Oberhof GER"]
[Date "2010.05.24"]
[Round "2"]
[White "Diederichs, Hannah"]
[Black "Dittrich, Tom"]
[Result "0-1"]
[Termination "normal"]
[Board "24"]
[WhiteElo "842"]
[BlackElo "1074"]
[PlyCount "64"]
[BlackFideId "12923532"]
[EventCountry "GER"]
[EventRounds "7"]
[EventType "swiss"]
[EventDate "2010.05.22"]

1. e4 c5 2. Nf3 d6 3. Bd3 Nc6 4. O-O Nf6 5. Nc3 g6 6. Bc4 Bg7 7. d3 O-O 8. Be3
a6 9. d4 b5 10. Be2 cxd4 11. Nxd4 Nxd4 12. Bxd4 Bb7 13. Bf3 Qc7 14. Re1 e5 15.
Be3 Rac8 16. Qd2 Rfd8 17. Nd5 Bxd5 18. exd5 Qxc2 19. Qxc2 Rxc2 20. Rab1 e4 21.
Be2 Nxd5 22. Bg5 Rdc8 23. h3 Bxb2 24. Bg4 f5 25. Bd1 Bc3 26. Rf1 Rb2 27. Rc1 a5
28. f3 Bd4+ 29. Kh1 Rxc1 30. fxe4 Ne3 31. Rf4 Rxd1+ 32. Kh2 Rxg2# 0-1